Normal view
MARC view
Entry Personal Name
001 - CONTROL NUMBER
- control field: 775053
003 - CONTROL NUMBER IDENTIFIER
- control field: OSt
005 - DATE AND TIME OF LATEST TRANSACTION
- control field: 20250508163304.0
008 - FIXED-LENGTH DATA ELEMENTS
- fixed length control field: 250508|| aca||aabn | a|a d
040 ## - CATALOGING SOURCE
- Original cataloging agency: OSt
- Transcribing agency: OSt
100 ## - HEADING--PERSONAL NAME
- Personal name: Katyal Indira
670 ## - SOURCE DATA FOUND
- Source citation: Work cat.: (OSt)1382062: Katyal Indira, Study of difficulties faced by principals of Delhi Senior Secondary schools in relation to school personnel and scgool achivements, 1987
